000 01210nam a2200241Ii 4500
003 JO-AjNU
005 20240626132021.0
008 230605s9999||||xx |||||||||||||| ||und||
040 _aJO-AjNU
_bara
_erda
_cJO-AjNU
041 _aara
050 1 4 _aHF5681 2022
100 1 _aبخيت، احمد عماد
_eمعد
_965693
245 1 _aالعوامل المؤثرة على إلتزام المكلفين بضريبتي الدخل والمبيعات في الأردن "دراسة ميدانية"= Factors affecting the compliance of taxpayers in jordan to paying income and sales taxes(a field study) /
_cاعداد احمد عماد بخيت؛ اشراف مهند محمد العبيني
264 3 1 _a 2022
300 _a109 ورقة
336 _atext
_btxt
_2rdacontent
337 _aunmediated
_bn
_2rdamedia
338 _avolume
_bnc
_2rdacarrier
500 _aرسالة جامعية(اطروحة ماجستير) جامعة عجلون الوطنية، كلية ادارة الاعمال، تخصص المحاسبة، 2022
650 4 _aالضرائب -الدخل والمبيعات-محاسبة-الاردن
_963337
700 1 _aالعبيني، مهند محمد
_964945
_eمشرف
942 _2lcc
_cTHS
999 _c32291
_d32291